LIBRARY & INFORMATION CENTRE, KCAET, TAVANUR

ONLINE PUBLIC ACCESS CATALOGUE (OPAC)

Machine drawing (Text of Engineering Drawing) / (Record no. 2200)

MARC details
000 -LEADER
fixed length control field 00385cam a2200145ua 4500
008 - FIXED-LENGTH DATA ELEMENTS--GENERAL INFORMATION
fixed length control field 250122b |||||||| |||| 00| 0 eng d
041 ## - LANGUAGE CODE
Language code of text/sound track or separate title eng
082 ## - DEWEY DECIMAL CLASSIFICATION NUMBER
Classification number 621.8152
Item number BHA/MA
100 ## - MAIN ENTRY--AUTHOR NAME
Personal name Bhatt, N.D .
245 ## - TITLE STATEMENT
Title Machine drawing (Text of Engineering Drawing) /
250 ## - EDITION STATEMENT
Edition statement 1 /
260 ## - PUBLICATION, DISTRIBUTION, ETC. (IMPRINT)
Place of publication India :
Name of publisher Charotar publishing house ,
Year of publication 1986.
300 ## - PHYSICAL DESCRIPTION
Number of Pages 214 ; .
942 ## - ADDED ENTRY ELEMENTS (KOHA)
Koha item type Books
Holdings
Withdrawn status Lost status Damaged status Home library Current library Date acquired Full call number Accession Number Koha item type Cost, normal purchase price
      KAUAET KAUAET 11/10/1986 621.8152 15956 Books  
Withdrawn     KAUAET KAUAET 11/10/1986 621.8152 15965 Books  
      KAUAET KAUAET 11/10/1986 621.8152 15962 Books  
      KAUAET KAUAET 07/04/2012 621.8152 2549 Books  
      KAUAET KAUAET 11/10/1986 621.8152 15958 Books  
      KAUAET KAUAET 11/10/1986 621.8152 15967 Books  
      KAUAET KAUAET 11/10/1986 621.8152 15949 Books  
      KAUAET KAUAET 11/10/1986 621.8152 15972 Books  
      KAUAET KAUAET 21/10/2022 621.8152 BHA/MA 15968 Books  
Withdrawn     KAUAET KAUAET 22/01/2025 621.8152 BHA/MA 15948 Books 30.00
Withdrawn     KAUAET KAUAET 22/01/2025 621.8152 BHA/MA 15957 Books 30.00
Withdrawn     KAUAET KAUAET 22/01/2025 621.8152 BHA/MA 15959 Books 30.00
Withdrawn     KAUAET KAUAET 22/01/2025 621.8152 BHA/MA 15971 Books 30.00
free website counter